Eurovision won in neighboring countries - Statistics

General Stats
  • This quiz has been taken 662 times
    661 since last reset
  • The average score is 8 of 8
Answer Stats
# Won by .. % Correct
3 United Kingdom
99%
3 France
98%
1 Latvia
97%
2 Norway
97%
2 Netherlands
95%
1 Spain
91%
1 Italy
90%
2 Luxembourg
90%
No matching quizzes found
Score Distribution
Percent of People with Each Score
Percentile by Number Answered
Your Score History
You have not taken this quiz since the last reset